[Event "CZE-chT2D 2122"]
[Site "Czech Republic"]
[Date "2022.01.30"]
[Round "7.8"]
[White "Daniel, Jiri"]
[Black "Stratil, Petr"]
[Result "0-1"]
[WhiteElo "1981"]
[BlackElo "2051"]
[PlyCount "100"]
[EventDate "2021.10.17"]
[EventType "team-tourn"]
[EventRounds "11"]
[EventCountry "CZE"]
[SourceTitle "EXT 2025"]
[Source "ChessBase"]
[SourceDate "2024.10.14"]
[SourceVersion "1"]
[SourceVersionDate "2024.10.14"]
[SourceQuality "1"]
[WhiteTeam "Rychnov nad Kneznou Panda"]
[BlackTeam "Zabreh"]
[WhiteTeamCountry "CZE"]
[BlackTeamCountry "CZE"]

1. c4 Nf6 2. Nc3 c5 3. g3 Nc6 4. Bg2 e5 5. e3 d6 6. Nge2 Be7 7. Nd5 Nxd5 8. cxd5 Nb4 9. d3 0-0 10. a3 Na6 11. 0-0 Rb8 12. d4 exd4 13. exd4 Bf6 14. Be3 c4 15. Qc2 b5 16. Rfc1 Bd7 17. b3 cxb3 18. Qxb3 Qb6 19. Ra2 Rfc8 20. Rac2 Rxc2 21. Rxc2 Rc8 22. Be4 Rxc2 23. Qxc2 g6 24. h4 Qc7 25. Qd3 Qc4 26. Qxc4 bxc4 27. Kf1 Nc7 28. Nc3 Nb5 29. Nxb5 Bxb5 30. Ke1 Kf8 31. Kd2 Bd8 32. Kc2 Bb6 33. Kb2 Ke7 34. h5 f5 35. hxg6 hxg6 36. Bc2 Kf6 37. f3 Ba6 38. Ba4 Bb7 39. Bc6 Bxc6 40. dxc6 d5 41. Kc3 Ba5+ 42. Kc2 Bc7 43. g4 fxg4 44. fxg4 Ke6 45. a4 Kd6 46. Bd2 Kxc6 47. Bg5 Kb6 48. Bd2 Ka6 49. Bc1 Ba5 50. Bg5 Bb6 0-1

[Event "CZE-chT2D 1415"]
[Site "Czech Republic"]
[Date "2015.03.15"]
[Round "9.6"]
[White "Maly, Marek1"]
[Black "Stratil, Petr"]
[Result "1-0"]
[WhiteElo "2158"]
[BlackElo "2101"]
[PlyCount "113"]
[EventDate "2014.11.02"]
[EventType "team-tourn"]
[EventRounds "11"]
[EventCountry "CZE"]
[SourceTitle "EXT 2022"]
[Source "ChessBase"]
[SourceDate "2021.10.06"]
[SourceVersion "1"]
[SourceVersionDate "2021.10.06"]
[SourceQuality "1"]
[WhiteTeam "Velke Losiny"]
[BlackTeam "Zabreh"]
[WhiteTeamCountry "CZE"]
[BlackTeamCountry "CZE"]

1. d4 Nf6 2. c4 c5 3. d5 e5 4. Nc3 d6 5. e4 Be7 6. f4 exf4 7. Bxf4 0-0 8. Nf3 Bg4 9. Be2 Re8 10. 0-0 Nbd7 11. Nd2 Bxe2 12. Qxe2 Nf8 13. Qf3 Ng6 14. Bg3 Rf8 15. Rae1 Nd7 16. b3 Nde5 17. Qe2 Qa5 18. Rc1 a6 19. Nf3 Bf6 20. Nd1 b5 21. Ne3 Rfe8 22. Nf5 Rad8 23. h4 bxc4 24. bxc4 Qc7 25. h5 Nf8 26. Nxe5 Bxe5 27. Bh4 f6 28. Qg4 Kh8 29. Rf3 Qf7 30. Rcf1 Nd7 31. h6 g6 32. Ng7 Rg8 33. Qe6 Rxg7 34. hxg7+ Kxg7 35. Rb3 Re8 36. Qxf7+ Kxf7 37. Rb7 Re7 38. Rfb1 Bd4+ 39. Bf2 Bc3 40. Ra7 Ne5 41. Rxe7+ Kxe7 42. Rb7+ Ke8 43. Rb6 Nxc4 44. Rxa6 h5 45. Ra4 Nb6 46. Ra3 Be5 47. Rb3 Nc4 48. Be1 Bd4+ 49. Kh1 f5 50. exf5 gxf5 51. a4 Ne5 52. a5 c4 53. Ra3 Nd3 54. Bc3 Ba7 55. Ra4 Nf4 56. Rxc4 Nxd5 57. Bd4 1-0

[Event "CZE-chT2D 1415"]
[Site "Czech Republic"]
[Date "2015.01.11"]
[Round "5.6"]
[White "Kabelka, Ondrej"]
[Black "Stratil, Petr"]
[Result "0-1"]
[WhiteElo "1939"]
[BlackElo "2101"]
[PlyCount "60"]
[EventDate "2014.11.02"]
[EventType "team-tourn"]
[EventRounds "11"]
[EventCountry "CZE"]
[SourceTitle "EXT 2022"]
[Source "ChessBase"]
[SourceDate "2021.10.06"]
[SourceVersion "1"]
[SourceVersionDate "2021.10.06"]
[SourceQuality "1"]
[WhiteTeam "Jicin II"]
[BlackTeam "Zabreh"]
[WhiteTeamCountry "CZE"]
[BlackTeamCountry "CZE"]

1. d4 c5 2. d5 e5 3. c4 d6 4. e4 Be7 5. Nc3 Bg5 6. Nf3 Bxc1 7. Rxc1 Ne7 8. Be2 0-0 9. 0-0 Ng6 10. Ne1 Nd7 11. Bg4 a6 12. Nd3 Qg5 13. Qe2 Nf6 14. Bxc8 Raxc8 15. f3 Nh5 16. Rc2 Nhf4 17. Nxf4 exf4 18. Qd2 Rce8 19. b3 Re5 20. Nd1 Nh4 21. Nb2 f5 22. Nd3 fxe4 23. Nxe5 e3 24. Qe1 dxe5 25. Qa5 e4 26. fxe4 f3 27. g3 f2+ 28. Kh1 Qg4 29. Rcxf2 exf2 30. Rxf2 Qd1+ 0-1

[Event "CZE-chT2D 1213"]
[Site "Czech Republic"]
[Date "2013.02.03"]
[Round "8.6"]
[White "Novotny, Josef1"]
[Black "Stratil, Petr"]
[Result "1/2-1/2"]
[WhiteElo "2131"]
[BlackElo "2115"]
[PlyCount "108"]
[EventDate "2012.10.14"]
[EventType "team-tourn"]
[EventRounds "11"]
[EventCountry "CZE"]
[SourceTitle "EXT 2016"]
[Source "ChessBase"]
[SourceDate "2015.10.08"]
[SourceVersion "1"]
[SourceVersionDate "2015.10.08"]
[SourceQuality "1"]
[WhiteTeam "Rychnov nad Kneznou"]
[BlackTeam "Sumperk"]
[WhiteTeamCountry "CZE"]
[BlackTeamCountry "CZE"]

1. e3 c5 2. d3 Nf6 3. f4 d5 4. Nf3 Nc6 5. Be2 Qc7 6. 0-0 e6 7. Nc3 a6 8. e4 d4 9. e5 dxc3 10. exf6 gxf6 11. bxc3 Bd7 12. Be3 Ne7 13. c4 Nf5 14. Bd2 Bc6 15. Qc1 Rg8 16. Rf2 Bd6 17. Kf1 Rg6 18. Rb1 0-0-0 19. c3 h5 20. Ne1 h4 21. Bf3 h3 22. gxh3 Rdg8 23. Be4 Rg1+ 24. Ke2 Nh4 25. Qb2 f5 26. Bxc6 Qxc6 27. Qb6 Qxb6 28. Rxb6 Kc7 29. Rb2 Kc6 30. Be3 Ng2 31. Nf3 Rh1 32. d4 Nxf4+ 33. Bxf4 Bxf4 34. dxc5 e5 35. Rb6+ Kxc5 36. Rxb7 Kxc4 37. Rc7+ Kd5 38. Rxf7 Ke4 39. Nd2+ Bxd2 40. Kxd2 f4 41. Re2+ Kf3 42. Rxe5 Rd8+ 43. Kc2 Rxh2+ 44. Kb3 Rb8+ 45. Ka3 Rbb2 46. Ref5 Rxa2+ 47. Kb3 Rhb2+ 48. Kc4 Ra4+ 49. Kd3 Re4 50. h4 Re3+ 51. Kc4 Re4+ 52. Kd3 Re3+ 53. Kc4 Re4+ 54. Kd3 Re3+ 1/2-1/2

[Event "CZE-chT2D 1213"]
[Site "Czech Republic"]
[Date "2013.01.06"]
[Round "6.7"]
[White "Stratil, Petr"]
[Black "Dosedel, Jiri"]
[Result "1/2-1/2"]
[WhiteElo "2115"]
[BlackElo "2083"]
[PlyCount "85"]
[EventDate "2012.10.14"]
[EventType "team-tourn"]
[EventRounds "11"]
[EventCountry "CZE"]
[SourceTitle "EXT 2016"]
[Source "ChessBase"]
[SourceDate "2015.10.08"]
[SourceVersion "1"]
[SourceVersionDate "2015.10.08"]
[SourceQuality "1"]
[WhiteTeam "Sumperk"]
[BlackTeam "Vysoke Myto"]
[WhiteTeamCountry "CZE"]
[BlackTeamCountry "CZE"]

1. Nf3 Nf6 2. g3 c5 3. Bg2 Nc6 4. 0-0 e5 5. d3 d5 6. Nbd2 Bd6 7. e4 d4 8. Nc4 b5 9. Nxd6+ Qxd6 10. a4 b4 11. b3 Bg4 12. h3 Bh5 13. Qe1 Bxf3 14. Bxf3 h6 15. Bg2 Nd7 16. f4 0-0-0 17. Bd2 f6 18. f5 Kc7 19. Bf3 Qe7 20. Qe2 Rdf8 21. Bh5 Nd8 22. Rf2 Nc6 23. Raf1 Nd8 24. Rg2 Nc6 25. Rf3 Kd6 26. Qf2 Kc7 27. h4 Ncb8 28. g4 Kd6 29. Rfg3 a5 30. Qe2 Qd8 31. g5 hxg5 32. hxg5 Kc6 33. gxf6 gxf6 34. Rg7 Kd6 35. Bf7 Rh4 36. Be6 Rfh8 37. Kf2 Rh2 38. Qf3 R8h3 39. Rxh2 Rxh2+ 40. Rg2 Qh8 41. Rxh2 Qxh2+ 42. Qg2 Qh5 43. Qf3 1/2-1/2

[Event "CZE-chT2D 1213"]
[Site "Czech Republic"]
[Date "2012.12.16"]
[Round "5.7"]
[White "Vaculik, Jakub"]
[Black "Stratil, Petr"]
[Result "1/2-1/2"]
[WhiteElo "1862"]
[BlackElo "2115"]
[PlyCount "56"]
[EventDate "2012.10.14"]
[EventType "team-tourn"]
[EventRounds "11"]
[EventCountry "CZE"]
[SourceTitle "EXT 2016"]
[Source "ChessBase"]
[SourceDate "2015.10.08"]
[SourceVersion "1"]
[SourceVersionDate "2015.10.08"]
[SourceQuality "1"]
[WhiteTeam "Velke Losiny"]
[BlackTeam "Sumperk"]
[WhiteTeamCountry "CZE"]
[BlackTeamCountry "CZE"]

1. d4 c5 2. d5 e5 3. e4 d6 4. Nc3 Be7 5. Bb5+ Nd7 6. a4 Bg5 7. Nf3 Bxc1 8. Qxc1 Ne7 9. Nd2 0-0 10. 0-0 Nf6 11. Bd3 Ng6 12. Ne2 Nh5 13. Nc4 Nhf4 14. Nxf4 Nxf4 15. Kh1 f5 16. f3 Rf6 17. g3 Nxd3 18. cxd3 f4 19. g4 Rh6 20. Qe1 Bd7 21. Rf2 Qc7 22. Re2 Rf6 23. a5 Rff8 24. Qc3 Rfc8 25. Qb3 Kf8 26. Qc3 Ke7 27. Qe1 Kf8 28. Qh4 Kf7 1/2-1/2

[Event "CZE-chT2D 1213"]
[Site "Czech Republic"]
[Date "2012.11.04"]
[Round "2.7"]
[White "Kastner, Oldrich"]
[Black "Stratil, Petr"]
[Result "1-0"]
[WhiteElo "2092"]
[BlackElo "2115"]
[PlyCount "149"]
[EventDate "2012.10.14"]
[EventType "team-tourn"]
[EventRounds "11"]
[EventCountry "CZE"]
[SourceTitle "EXT 2016"]
[Source "ChessBase"]
[SourceDate "2015.10.08"]
[SourceVersion "1"]
[SourceVersionDate "2015.10.08"]
[SourceQuality "1"]
[WhiteTeam "Pardubice Rapid II"]
[BlackTeam "Sumperk"]
[WhiteTeamCountry "CZE"]
[BlackTeamCountry "CZE"]

1. e4 g6 2. d4 Bg7 3. Nc3 c5 4. dxc5 Qa5 5. Nge2 Nf6 6. Ng3 Qxc5 7. Bd3 0-0 8. 0-0 Nc6 9. Be3 Qa5 10. Qd2 Ng4 11. Bf4 e5 12. Bg5 h6 13. Bh4 Kh7 14. Nge2 Nf6 15. Bc4 a6 16. Bb3 b5 17. a3 Ne8 18. Qd3 d6 19. Nd5 Be6 20. Nec3 g5 21. Bg3 Nd4 22. Ba2 Qd8 23. Nd1 Rc8 24. c3 Nc6 25. N1e3 Nf6 26. Rad1 Nh5 27. Nf5 Nf4 28. Bxf4 gxf4 29. Nxd6 Rb8 30. Rd2 Qg5 31. f3 Rg8 32. c4 Nd4 33. Nc7 Bf8 34. Nxe6 fxe6 35. c5 Bxd6 36. cxd6 Rbd8 37. Qc3 Rg7 38. Qc5 Rgd7 39. Rxd4 exd4 40. Qxg5 hxg5 41. e5 Re8 42. Rd1 Kg6 43. Rxd4 Kf5 44. Re4 g4 45. Re2 gxf3 46. gxf3 Rc8 47. Bb1+ Kg5 48. Rg2+ Kh5 49. Bg6+ Kh6 50. h4 Rc5 51. Be8 Rg7 52. d7 Rd5 53. Rg4 a5 54. b4 axb4 55. axb4 Rd2 56. Kf1 Rd1+ 57. Ke2 Rdxd7 58. Bxd7 Rxd7 59. Rxf4 Kg7 60. Ke3 Rc7 61. Rf6 Rc3+ 62. Kd2 Rc4 63. Rxe6 Rxh4 64. Kc3 Kf7 65. Rf6+ Ke7 66. f4 Rh1 67. Kd4 Rc1 68. Kd5 Rc4 69. f5 Rxb4 70. Rh6 Rb1 71. Rh7+ Kd8 72. f6 b4 73. Ke6 Ra1 74. Rh8+ Kc7 75. f7 1-0

[Event "CZE-chT2E 0809"]
[Site "Czech Republic"]
[Date "2009.04.05"]
[Round "11.5"]
[White "Stratil, Petr"]
[Black "Zavadil, Michal"]
[Result "1/2-1/2"]
[WhiteElo "2142"]
[BlackElo "2057"]
[PlyCount "60"]
[EventDate "2008.10.12"]
[EventType "tourn"]
[EventRounds "11"]
[EventCountry "CZE"]
[SourceTitle "EXT 2010"]
[Source "ChessBase"]
[SourceDate "2010.11.25"]
[SourceVersion "1"]
[SourceVersionDate "2010.11.25"]
[SourceQuality "1"]
[WhiteTeam "Sumperk"]
[BlackTeam "Brno Duras III"]
[WhiteTeamCountry "CZE"]
[BlackTeamCountry "CZE"]

1. e4 b6 2. d4 Bb7 3. Nc3 Nf6 4. Bd3 e6 5. Nf3 Bb4 6. Qe2 d5 7. exd5 Qxd5 8. 0-0 Bxc3 9. bxc3 0-0 10. Re1 Nbd7 11. Bd2 c5 12. Ba6 Bxa6 13. Qxa6 Ne4 14. Re2 Rfc8 15. Be1 Ndf6 16. Qd3 cxd4 17. cxd4 Rc4 18. a4 Rac8 19. a5 b5 20. a6 h6 21. Ra5 Ng5 22. Nxg5 hxg5 23. c3 Qc6 24. Rb2 Nd5 25. Rbxb5 Nxc3 26. Rc5 Qe4 27. Qxe4 Nxe4 28. Rxc8+ Rxc8 29. Kf1 Rc6 30. Ke2 f6 1/2-1/2

[Event "CZE-chT2e 0506"]
[Site "Czech Republic"]
[Date "2005.11.06"]
[Round "2.4"]
[White "Shanel, Jaroslav"]
[Black "Stratil, Petr"]
[Result "1-0"]
[WhiteElo "2179"]
[BlackElo "2152"]
[PlyCount "121"]
[EventDate "2005.10.16"]
[EventType "team-tourn"]
[EventRounds "11"]
[EventCountry "CZE"]
[SourceTitle "EXT 2008"]
[Source "ChessBase"]
[SourceDate "2007.11.25"]
[SourceVersion "1"]
[SourceVersionDate "2007.11.25"]
[SourceQuality "1"]

1. e4 g6 2. d4 Bg7 3. Nf3 c5 4. d5 d6 5. Be2 Nf6 6. Nc3 0-0 7. h3 Nbd7 8. 0-0 Rb8 9. Re1 Ne8 10. a4 Ndf6 11. Be3 Qa5 12. Nd2 Qd8 13. Nc4 b6 14. Qd3 a6 15. Nd2 Nc7 16. Bf4 b5 17. axb5 axb5 18. Bf3 Nd7 19. Bg4 b4 20. Nd1 Nb6 21. Bxc8 Qxc8 22. Qb3 Nb5 23. Nf3 Ra8 24. Ne3 Qb7 25. e5 Rxa1 26. Rxa1 Nd4 27. Nxd4 cxd4 28. Nc4 Nxd5 29. Bg3 dxe5 30. Nxe5 e6 31. Rd1 Ra8 32. Kh2 Qa7 33. Qf3 Rc8 34. Rd2 h5 35. Qe4 Qc5 36. Re2 Re8 37. f4 Qb5 38. Rd2 h4 39. Bxh4 Nxf4 40. Nxf7 Kxf7 41. Qxf4+ Qf5 42. Qc7+ Kg8 43. Bg3 e5 44. Qc4+ Qe6 45. Qxb4 e4 46. Rd1 e3 47. Qb5 Rc8 48. Qe2 Qc4 49. Qxc4+ Rxc4 50. c3 e2 51. Rd2 dxc3 52. bxc3 Re4 53. Be1 Kf7 54. Rc2 Bf8 55. Kg3 Bc5 56. Kf3 Re3+ 57. Kf4 Kf6 58. h4 Ke6 59. c4 Re5 60. g4 Bd6 61. Kf3 1-0

[Event "CZE-chT2e 0405"]
[Site "Czech Republic"]
[Date "2004.10.17"]
[Round "1.6"]
[White "Kojetsky, Pavel"]
[Black "Stratil, Petr"]
[Result "1/2-1/2"]
[WhiteElo "2164"]
[BlackElo "2147"]
[PlyCount "128"]
[EventDate "2004.10.17"]
[EventType "team-tourn"]
[EventRounds "11"]
[EventCountry "CZE"]
[SourceTitle "EXT 2007"]
[Source "ChessBase"]
[SourceDate "2006.11.23"]
[SourceVersion "1"]
[SourceVersionDate "2006.11.23"]
[SourceQuality "1"]

1. d4 c5 2. Nf3 cxd4 3. Nxd4 Nc6 4. e4 g6 5. c4 Bg7 6. Be3 Nf6 7. f3 0-0 8. Nc3 d6 9. Be2 Bd7 10. Qd2 Qa5 11. 0-0 Rfe8 12. Rfd1 Rac8 13. Rac1 a6 14. Nb3 Qh5 15. Na4 Be6 16. Nb6 Rcd8 17. Bf1 Nd7 18. Rc2 Nxb6 19. Bxb6 Rc8 20. Be3 Ne5 21. Rdc1 f5 22. Nd4 Bf7 23. exf5 gxf5 24. b3 Kh8 25. Ne2 Bf6 26. Nf4 Qh4 27. Nd5 Rg8 28. Kh1 Bxd5 29. cxd5 Rxc2 30. Rxc2 Ng6 31. Rc4 Qh5 32. Rc7 Be5 33. f4 Bf6 34. Rxb7 Rc8 35. Ra7 a5 36. Rxa5 Bc3 37. Bd4+ Bxd4 38. Qxd4+ Kg8 39. Qd2 Qh4 40. g3 Qf6 41. Bc4 Qa1+ 42. Kg2 Kf7 43. Ra7 Nh4+ 44. gxh4 Rg8+ 45. Kh3 Qg1 46. Qe2 Qxa7 47. Bd3 Qd4 48. Bxf5 Qxd5 49. Bxh7 Rg1 50. h5 e5 51. Qf2 Qd4 52. Qxd4 exd4 53. h6 Re1 54. Kg2 Re6 55. a4 Rxh6 56. Be4 Ke6 57. a5 d5 58. Bd3 Rh8 59. b4 Kd6 60. a6 Kc6 61. b5+ Kb6 62. f5 Re8 63. Kf2 Re3 64. Be2 Re5 1/2-1/2

[Event "MOR-chT2M 0203"]
[Site "Moravia"]
[Date "2003.03.30"]
[Round "11"]
[White "Provaznik, Michal"]
[Black "Stratil, Petr"]
[Result "1-0"]
[WhiteElo "2237"]
[BlackElo "2227"]
[PlyCount "73"]
[EventDate "2002.10.??"]
[EventType "team-tourn"]
[EventRounds "11"]
[EventCountry "CZE"]
[SourceTitle "EXT 2006"]
[Source "ChessBase"]
[SourceDate "2005.11.24"]
[SourceVersion "1"]
[SourceVersionDate "2005.11.24"]
[SourceQuality "1"]

1. e4 g6 2. d4 Bg7 3. Nf3 c5 4. c3 cxd4 5. cxd4 d6 6. Bc4 Nf6 7. Nc3 0-0 8. Bb3 Nc6 9. h3 Qa5 10. 0-0 e5 11. Be3 Bd7 12. Qd2 exd4 13. Nxd4 Nxd4 14. Qxd4 Bc6 15. Qd2 Rfe8 16. f3 Rad8 17. Qf2 b6 18. Bd4 d5 19. Rad1 Bb5 20. Rfe1 Bc4 21. Qh4 Bxb3 22. axb3 Nh5 23. Bxg7 Kxg7 24. exd5 Rxe1+ 25. Qxe1 Qc5+ 26. Qf2 Qxf2+ 27. Kxf2 Kf6 28. Ne4+ Ke5 29. Ng5 Rd7 30. g3 Nf6 31. d6 h6 32. f4+ Kf5 33. Re1 Ng8 34. Nh7 f6 35. Kf3 g5 36. g4+ Kg6 37. Nf8+ 1-0

[Event "MOR-chT2M 0203"]
[Site "Moravia"]
[Date "2003.03.02"]
[Round "9"]
[White "Stratil, Petr"]
[Black "Formanek, Martin"]
[Result "0-1"]
[WhiteElo "2227"]
[BlackElo "2078"]
[PlyCount "101"]
[EventDate "2002.10.??"]
[EventType "team-tourn"]
[EventRounds "11"]
[EventCountry "CZE"]
[SourceTitle "EXT 2006"]
[Source "ChessBase"]
[SourceDate "2005.11.24"]
[SourceVersion "1"]
[SourceVersionDate "2005.11.24"]
[SourceQuality "1"]

1. e4 c5 2. Nf3 d6 3. Nc3 Nf6 4. Bb5+ Bd7 5. Bxd7+ Nbxd7 6. 0-0 g6 7. d3 Bg7 8. h3 0-0 9. Bf4 a6 10. a4 Rb8 11. Qd2 Re8 12. Bh6 Bh8 13. a5 Qc7 14. Ng5 c4 15. d4 b6 16. axb6 Rxb6 17. Ra2 Qb7 18. Qe2 e6 19. Qxc4 Rc8 20. Qa4 Rxb2 21. Nd1 Rxa2 22. Qxa2 Nxe4 23. Nxe4 Qxe4 24. Qxa6 Rxc2 25. Ne3 Qc6 26. Qa5 Qc7 27. Qa8+ Qc8 28. Qa3 Rc6 29. d5 Ra6 30. Qb4 Qc5 31. Qb7 Ra7 32. Qb3 Qc3 33. Qb5 Qc5 34. Qb3 Qb6 35. Qc4 Rc7 36. Qa4 e5 37. Nc4 Qc5 38. Ne3 Bg7 39. Bxg7 Kxg7 40. Qg4 h6 41. Qh4 Nf6 42. Rd1 Rb7 43. Rd3 Rb4 44. Nf5+ gxf5 45. Rg3+ Ng4 46. hxg4 Qc1+ 47. Kh2 Qg5 48. Qxg5+ hxg5 49. gxf5 Kf6 50. Ra3 Rd4 51. Ra7 0-1

[Event "MOR-chT2M 0203"]
[Site "Moravia"]
[Date "2003.01.12"]
[Round "6"]
[White "Blaha, Petr"]
[Black "Stratil, Petr"]
[Result "1/2-1/2"]
[WhiteElo "2193"]
[BlackElo "2227"]
[PlyCount "20"]
[EventDate "2002.10.??"]
[EventType "team-tourn"]
[EventRounds "11"]
[EventCountry "CZE"]
[SourceTitle "EXT 2006"]
[Source "ChessBase"]
[SourceDate "2005.11.24"]
[SourceVersion "1"]
[SourceVersionDate "2005.11.24"]
[SourceQuality "1"]

1. d4 g6 2. Nf3 Bg7 3. e4 d6 4. Bc4 Nf6 5. e5 dxe5 6. Nxe5 0-0 7. 0-0 Nbd7 8. h3 c6 9. Nc3 Nb6 10. Bb3 Nbd5 1/2-1/2

[Event "Morava-chT 9900"]
[Site "Czech Republic"]
[Date "2000.??.??"]
[Round "10"]
[White "Malis, Jiri"]
[Black "Stratil, Petr"]
[Result "1-0"]
[WhiteElo "2190"]
[BlackElo "2265"]
[PlyCount "49"]
[EventDate "1999.??.??"]
[EventType "tourn"]
[EventRounds "11"]
[EventCountry "CZE"]
[SourceTitle "EXT 2001"]
[Source "ChessBase"]
[SourceDate "2000.11.22"]
[SourceVersion "1"]
[SourceVersionDate "2000.11.22"]
[SourceQuality "1"]

1. c4 g6 2. g3 Bg7 3. Bg2 Nf6 4. Nc3 0-0 5. d4 d6 6. e3 c6 7. Nge2 Nbd7 8. 0-0 e5 9. b3 Re8 10. Qc2 Qe7 11. Ba3 e4 12. g4 h6 13. h3 c5 14. Rad1 a6 15. Ng3 cxd4 16. Rxd4 Nc5 17. Ncxe4 Nfxe4 18. Rxe4 Nxe4 19. Nxe4 Be5 20. f4 Bg7 21. Nxd6 Qh4 22. Qf2 Qd8 23. c5 Bd7 24. f5 g5 25. Rd1 1-0

[Event "Morava-chT 9900"]
[Site "Czech Republic"]
[Date "2000.??.??"]
[Round "11"]
[White "Stratil, Petr"]
[Black "Biolek, Richard"]
[Result "0-1"]
[WhiteElo "2265"]
[BlackElo "2413"]
[PlyCount "79"]
[EventDate "1999.??.??"]
[EventType "tourn"]
[EventRounds "11"]
[EventCountry "CZE"]
[SourceTitle "EXT 2001"]
[Source "ChessBase"]
[SourceDate "2000.11.22"]
[SourceVersion "1"]
[SourceVersionDate "2000.11.22"]
[SourceQuality "1"]

1. Nf3 d6 2. e4 Nf6 3. d3 e5 4. g3 Bg4 5. Bg2 Qc8 6. h3 Be6 7. Nc3 c5 8. Bg5 Be7 9. Qd2 Nc6 10. g4 h6 11. Be3 Nh7 12. 0-0-0 Rb8 13. Kb1 b5 14. g5 hxg5 15. Nxg5 Bxg5 16. Bxg5 b4 17. Nd5 Bxd5 18. exd5 Nd4 19. Be3 Nb5 20. Ka1 Qa6 21. Rhg1 Rb6 22. Be4 Qa5 23. Qc1 Ra6 24. Qb1 g6 25. f4 exf4 26. Bxf4 Nd4 27. Rd2 Nf6 28. Bg2 0-0 29. Be3 b3 30. a3 Qxd2 31. Bxd2 Nxc2+ 32. Qxc2 bxc2 33. Bc3 Nh5 34. Rc1 Re8 35. Rxc2 Ra4 36. Ka2 Re3 37. d4 cxd4 38. Bb4 Rxb4 39. axb4 d3 40. Rc1 0-1

[Event "Morava-chT 9900"]
[Site "Czech Republic"]
[Date "2000.??.??"]
[Round "9"]
[White "Vavra, Pavel"]
[Black "Stratil, Petr"]
[Result "0-1"]
[WhiteElo "2330"]
[BlackElo "2265"]
[PlyCount "80"]
[EventDate "1999.??.??"]
[EventType "tourn"]
[EventRounds "11"]
[EventCountry "CZE"]
[SourceTitle "EXT 2001"]
[Source "ChessBase"]
[SourceDate "2000.11.22"]
[SourceVersion "1"]
[SourceVersionDate "2000.11.22"]
[SourceQuality "1"]

1. Nf3 g6 2. g3 Bg7 3. d4 c5 4. c3 cxd4 5. cxd4 Nf6 6. Nc3 0-0 7. Bg2 d5 8. 0-0 a6 9. Ne5 e6 10. Be3 Nbd7 11. Nxd7 Bxd7 12. f3 b5 13. Bf2 Rc8 14. a4 b4 15. Na2 a5 16. Nc1 Bc6 17. Nd3 Nd7 18. Rc1 Qb6 19. e3 b3 20. Ra1 Bb7 21. Rc1 Bc6 22. Ra1 Bb7 23. Rc1 Rc4 24. Rxc4 dxc4 25. Nf4 e5 26. Ne2 Qb4 27. Nc3 exd4 28. exd4 Nb6 29. Re1 Nxa4 30. Nxa4 Qxa4 31. Re7 Bd5 32. Rc7 Ra8 33. Rc5 Qd7 34. Qd2 a4 35. Bf1 a3 36. bxa3 Rxa3 37. Qb4 Ra1 38. Qb8+ Bf8 39. Rc8 Qxc8 40. Qxc8 b2 0-1

[Event "CZE-chT2"]
[Site "Czech Republic"]
[Date "1995.??.??"]
[Round "?"]
[White "Trefny, Vlastimil"]
[Black "Stratil, Petr"]
[Result "0-1"]
[WhiteElo "2335"]
[BlackElo "2265"]
[PlyCount "78"]
[EventDate "1995.??.??"]
[EventType "team-tourn"]
[EventRounds "11"]
[EventCountry "CZE"]
[SourceTitle "EXT 1997"]
[Source "ChessBase"]
[SourceDate "1996.11.15"]
[SourceVersion "1"]
[SourceVersionDate "1996.11.15"]
[SourceQuality "1"]

1. e4 Nf6 2. e5 Nd5 3. d4 d6 4. Bc4 e6 5. Qe2 Nb6 6. Bd3 Nc6 7. exd6 cxd6 8. c3 Be7 9. Nf3 Nd5 10. Na3 a6 11. Nc2 0-0 12. h4 e5 13. c4 Ndb4 14. Nxb4 Nxb4 15. Bxh7+ Kxh7 16. a3 Nc6 17. Ng5+ Kg8 18. Qe4 g6 19. h5 Bxg5 20. hxg6 Nxd4 21. g7 Bf5 22. gxf8Q+ Qxf8 23. Qxb7 Rb8 24. Qd5 Bxc1 25. Rxc1 Rxb2 26. Rd1 Re2+ 27. Kf1 Rc2 28. Rh4 Bg6 29. Qb7 Qd8 30. Rh3 Kg7 31. Kg1 Qf6 32. Rf1 Ne2+ 33. Kh1 Nf4 34. Rh2 Qd8 35. Qxa6 Bd3 36. Re1 Rxf2 37. Qb7 Ne2 38. Qa7 Qf6 39. Rg1 Ng3# 0-1